000 01219nac a22003857a 4500
001 BR7901464
003 BR-BrBNA
005 20240105114407.0
008 230509b bl.|||m| |||| 00| 0 por d
040 _aBR-BrBNA
_bpor
_cBiblioteca Nacional de Agricultura
072 _aF00; Q10; E70
090 _a0336 BR7901464
100 1 _aPinto, A. de A.
100 1 _aRibeiro, Z.M. da A.
100 1 _aGarcia, N.C.P.
100 1 _aMachado, E.C.
110 1 _aEmpresa Brasileira de Pesquisa Agropecuaria, Brasilia, DF;
_93834
110 1 _aCentro Nacional de Pesquisa de Soja, Londrina, PR (Brasil)
_91793
245 1 _aSoja: resumos informativos, v. 2
260 3 _aBrasilia, DF (Brasil):
_c1978.
300 _a354 p.
490 _aResumos Informativos - Empresa Brasileira de Pesquisa Agropecuaria (Brazil)
_vno. 4
_x
500 _aSummary only
650 _aProducao vegetal
650 _aTecnologia de alimento
650 _aComercializacao
650 _aSoja
650 _aPratica cultural
650 _aFisiologia vegetal
650 _aComposicao de alimento
650 _aErva daninha
650 _aBibliografia
909 _a202312
_bLúcia Elande
_c55
_dLúcia Elande
942 _2AGRIS
_n0
_cMS
999 _c269095
_d269095